00000000nam##2200000za#4500
0019.601045
003CaOODSP
00520230720093655
007cr |||||||||||
008150406|2008||||xxc|||||o    f|0| 0 fre|d
040 |aCaOODSP|bfre
043 |an-cn---
0861 |aYC28-0/392-5F-PDF
1101 |aCanada. |bParlement. |bSénat. |bComité sénatorial permanent des peuples autochtones.
24510|aRespecter l'esprit des traites modernes : |h[ressource électronique]|béliminer les échappatoires / |cL'honorable Gerry St. Germain, C.P., président; L'honorable Nick Sibbeston, vice-président.
2463 |aRapport intérimaire, étude spéciale sur la mise en oeuvre des ententes sur les revendications territoriales globales au Canada
260 |aOttawa - Ontario : |bSénat. |cMai 2008.
300 |a93p.|btableau
4901 |aRapport du Comité sénatorial permanent des peuples autochtones|v39e législature, 2e session, [5e rapport]
590 |a11-12-Supp|b2011-07-29
77508|tHonouring the spirit of modern treaties : |w(CaOODSP)9.570300
830#0|aRapport du Comité sénatorial permanent des peuples autochtones ;|v39e législature, 2e session, [5e rapport]|w(CaOODSP)9.501664
85640|ahttp://publications.gc.ca|qPDF|s321 Ko|uhttps://publications.gc.ca/collections/collection_2011/sen/yc28-0/YC28-0-392-5-fra.pdf|y39e législature, 2e session, [5e rapport]